A CENTURY OF GOVERNMENT AND POLITICS IN NORTH EAST INDIA (Record no. 4676)
[ view plain ]
| 000 -LEADER | |
|---|---|
| fixed length control field | 00481cam a2200193ua 4500 |
| 008 - FIXED-LENGTH DATA ELEMENTS--GENERAL INFORMATION | |
| fixed length control field | 190409n1991 II |||gr||||Z||||||eng |
| 040 ## - CATALOGING SOURCE | |
| Original cataloging agency | MAIN |
| 041 ## - LANGUAGE CODE | |
| -- | English |
| 041 ## - LANGUAGE CODE | |
| -- | eng |
| 100 ## - MAIN ENTRY--PERSONAL NAME | |
| Personal name | ORANGLE, T. S. |
| 245 ## - TITLE STATEMENT | |
| Title | A CENTURY OF GOVERNMENT AND POLITICS IN NORTH EAST INDIA |
| 260 ## - PUBLICATION, DISTRIBUTION, ETC. | |
| Place of publication, distribution, etc. | NEW DELHI |
| Name of publisher, distributor, etc. | S.CHAND & COMPANY |
| Date of publication, distribution, etc. | 1991 |
| 300 ## - PHYSICAL DESCRIPTION | |
| Extent | 297: |
| Dimensions | 20CM. |
| 700 ## - ADDED ENTRY--PERSONAL NAME | |
| Personal name | DEVI,BIMAL. |
| 700 ## - ADDED ENTRY--PERSONAL NAME | |
| Personal name | RAO, V. VENKETA. |
| 942 ## - ADDED ENTRY ELEMENTS (KOHA) | |
| Koha item type | Books |
| 653 ## - INDEX TERM--UNCONTROLLED | |
| Uncontrolled term | Reference Books |
No items available.